00528nam a22001577a 450000500170000001000190001702000260003603700300006208200080009210000160010024500710011626000510018727000880023830000210032670000230034720230130114524.0 aE.N.A./7.11.22 a9789351246770c395.00 bAstral International Pvt. a576 aAdesh Kumar aQuestion Bank of Microbiology/cAdesh Kumar and Sushil Kumar Singh aNew DelhibAstral International Pvt. Ltdc2021 a4736/23 Ansari Road DaryaganjbNew Delhie110002minfo@astralint.comk011-43549197, a394p.c20cm(pbk) aSushil Kumar Singh